Logické obvody /

Hlavní autor: Diviš, Zdeněk, 1946-
Korporativní autor: Vysoká škola báňská - Technická univerzita Ostrava. Fakulta elektrotechniky a informatiky
Další autoři: Zdrálek, Jaroslav, 1952-, Chmelíková, Zdeňka, 1967-
Jazyk: Čeština
Vydáno: Ostrava : VŠB-Technická univerzita, 1999
Vydání: 1. vyd.
Témata:
Fyzický popis: 150 s. : il. ; 29 cm
Knihy
Uloženo v:
LEADER 01390nam a2200349 a 4500
001 000406146
003 CZ BrMZK
005 20080808110510.0
007 ta
008 010907s1999 xr a f cze d
015 |a cnb000662240 
020 |a 80-7078-653-1 
035 |a (OCoLC)42616644 
040 |a BOA001  |b cze 
080 |a 621.325.65(075.8)  |2 MRF 
100 1 |a Diviš, Zdeněk,  |d 1946-  |7 ola2002159164  |4 aut 
245 1 0 |a Logické obvody /  |c Zdeněk Diviš, Zdeňka Chmelíková, Jaroslav Zdrálek 
250 |a 1. vyd. 
260 |a Ostrava :  |b VŠB-Technická univerzita,  |c 1999 
300 |a 150 s. :  |b il. ;  |c 29 cm 
504 |a Obsahuje bibliografii 
521 8 |a Určeno pro posluchače fakulty elektrotechniky a informatiky 
653 0 |a logické obvody 
700 1 |a Zdrálek, Jaroslav,  |d 1952-  |7 mzk2005286599  |4 aut 
700 1 |a Chmelíková, Zdeňka,  |d 1967-  |7 ola2002159166  |4 aut 
710 2 |a Vysoká škola báňská - Technická univerzita Ostrava.  |b Fakulta elektrotechniky a informatiky  |7 kn20010709389 
910 |a BOA001  |b 4-1057.344  |b TK-A-0265.005 
920 |a 000420992 
964 |a Obvody logické  |x učebnice  |x školy vysoké 
990 |a BK 
996 7 |b 2610089031  |c 4-1057.344  |l MZK  |r Sklad / do 1 hodiny  |n 14  |p p.v.  |w 000406146  |u 000010  |a 1  |e BOA001  |j MZK50  |s A 
996 7 |b 2620014676  |c TK-A-0265.005  |l MZK  |r Sklad / do 24 hodin  |n 16  |p kup  |w 000406146  |u 000020  |a 1  |e BOA001  |j MZK50  |s A